<?xml version="1.0" encoding="UTF-8"?>
<record
    xmlns:xsi="http://www.w3.org/2001/XMLSchema-instance"
    xsi:schemaLocation="http://www.loc.gov/MARC21/slim http://www.loc.gov/standards/marcxml/schema/MARC21slim.xsd"
    xmlns="http://www.loc.gov/MARC21/slim">

  <leader>00510nam a2200205Ia 4500</leader>
  <controlfield tag="005">20230328121620.0</controlfield>
  <controlfield tag="008">230125s9999    xx            000 0 und d</controlfield>
  <datafield tag="020" ind1=" " ind2=" ">
    <subfield code="a">978-93259-8429-5</subfield>
  </datafield>
  <datafield tag="041" ind1=" " ind2=" ">
    <subfield code="a">eng</subfield>
  </datafield>
  <datafield tag="082" ind1=" " ind2=" ">
    <subfield code="a">332.1</subfield>
    <subfield code="b">JAI</subfield>
  </datafield>
  <datafield tag="100" ind1=" " ind2=" ">
    <subfield code="a">Jaiswal B</subfield>
  </datafield>
  <datafield tag="245" ind1=" " ind2=" ">
    <subfield code="a">Banking Operations Management</subfield>
  </datafield>
  <datafield tag="260" ind1=" " ind2=" ">
    <subfield code="c">2016</subfield>
    <subfield code="b">Vikas Publishing House Pvt. Ltd.</subfield>
    <subfield code="a">New Delhi</subfield>
  </datafield>
  <datafield tag="300" ind1=" " ind2=" ">
    <subfield code="a">321p</subfield>
  </datafield>
  <datafield tag="500" ind1=" " ind2=" ">
    <subfield code="a">Banking</subfield>
  </datafield>
  <datafield tag="650" ind1=" " ind2=" ">
    <subfield code="a">Banking</subfield>
    <subfield code="9">119034</subfield>
  </datafield>
  <datafield tag="700" ind1=" " ind2=" ">
    <subfield code="a">Jaiswal B</subfield>
  </datafield>
  <datafield tag="942" ind1=" " ind2=" ">
    <subfield code="c">BK</subfield>
  </datafield>
  <datafield tag="999" ind1=" " ind2=" ">
    <subfield code="c">93937</subfield>
    <subfield code="d">93937</subfield>
  </datafield>
  <datafield tag="952" ind1=" " ind2=" ">
    <subfield code="0">0</subfield>
    <subfield code="1">0</subfield>
    <subfield code="4">0</subfield>
    <subfield code="7">0</subfield>
    <subfield code="a">HIMR</subfield>
    <subfield code="b">HIMR</subfield>
    <subfield code="d">2016-02-23</subfield>
    <subfield code="e">Pritam Book Centre</subfield>
    <subfield code="g">250.00</subfield>
    <subfield code="i">9788</subfield>
    <subfield code="l">0</subfield>
    <subfield code="o">332.1 JAI B13954</subfield>
    <subfield code="p">HIMR-BK-13954</subfield>
    <subfield code="r">2023-01-25 00:00:00</subfield>
    <subfield code="v">250.00</subfield>
    <subfield code="w">2016-02-22</subfield>
    <subfield code="y">BK</subfield>
    <subfield code="z">B13954</subfield>
  </datafield>
  <datafield tag="952" ind1=" " ind2=" ">
    <subfield code="0">0</subfield>
    <subfield code="1">0</subfield>
    <subfield code="4">0</subfield>
    <subfield code="7">0</subfield>
    <subfield code="a">HIMR</subfield>
    <subfield code="b">HIMR</subfield>
    <subfield code="d">2016-02-23</subfield>
    <subfield code="e">Pritam Book Centre</subfield>
    <subfield code="g">250.00</subfield>
    <subfield code="i">9788</subfield>
    <subfield code="l">0</subfield>
    <subfield code="o">332.1 JAI B13955</subfield>
    <subfield code="p">HIMR-BK-13955</subfield>
    <subfield code="r">2023-01-25 00:00:00</subfield>
    <subfield code="v">250.00</subfield>
    <subfield code="w">2016-02-22</subfield>
    <subfield code="y">BK</subfield>
    <subfield code="z">B13955</subfield>
  </datafield>
  <datafield tag="952" ind1=" " ind2=" ">
    <subfield code="0">0</subfield>
    <subfield code="1">0</subfield>
    <subfield code="4">0</subfield>
    <subfield code="7">0</subfield>
    <subfield code="a">HIMR</subfield>
    <subfield code="b">HIMR</subfield>
    <subfield code="d">2016-02-23</subfield>
    <subfield code="e">Pritam Book Centre</subfield>
    <subfield code="g">250.00</subfield>
    <subfield code="i">9788</subfield>
    <subfield code="l">0</subfield>
    <subfield code="o">332.1 JAI B13956</subfield>
    <subfield code="p">HIMR-BK-13956</subfield>
    <subfield code="r">2023-01-25 00:00:00</subfield>
    <subfield code="v">250.00</subfield>
    <subfield code="w">2016-02-22</subfield>
    <subfield code="y">BK</subfield>
    <subfield code="z">B13956</subfield>
  </datafield>
  <datafield tag="952" ind1=" " ind2=" ">
    <subfield code="0">0</subfield>
    <subfield code="1">0</subfield>
    <subfield code="4">0</subfield>
    <subfield code="7">0</subfield>
    <subfield code="a">HIMR</subfield>
    <subfield code="b">HIMR</subfield>
    <subfield code="d">2016-02-23</subfield>
    <subfield code="e">Pritam Book Centre</subfield>
    <subfield code="g">250.00</subfield>
    <subfield code="i">9788</subfield>
    <subfield code="l">0</subfield>
    <subfield code="o">332.1 JAI B13957</subfield>
    <subfield code="p">HIMR-BK-13957</subfield>
    <subfield code="r">2023-01-25 00:00:00</subfield>
    <subfield code="v">250.00</subfield>
    <subfield code="w">2016-02-22</subfield>
    <subfield code="y">BK</subfield>
    <subfield code="z">B13957</subfield>
  </datafield>
  <datafield tag="952" ind1=" " ind2=" ">
    <subfield code="0">0</subfield>
    <subfield code="1">0</subfield>
    <subfield code="4">0</subfield>
    <subfield code="7">0</subfield>
    <subfield code="a">HIMR</subfield>
    <subfield code="b">HIMR</subfield>
    <subfield code="d">2016-02-23</subfield>
    <subfield code="e">Pritam Book Centre</subfield>
    <subfield code="g">250.00</subfield>
    <subfield code="i">9788</subfield>
    <subfield code="l">0</subfield>
    <subfield code="o">332.1 JAI B13958</subfield>
    <subfield code="p">HIMR-BK-13958</subfield>
    <subfield code="r">2023-01-25 00:00:00</subfield>
    <subfield code="v">250.00</subfield>
    <subfield code="w">2016-02-22</subfield>
    <subfield code="y">BK</subfield>
    <subfield code="z">B13958</subfield>
  </datafield>
</record>
